North American Sports Teams That Won A Championship - Statistics

General Stats
  • This quiz has been taken 1,340 times
  • The average score is 8 of 15
Answers on the Grid
Answers color-coded by a green-red scale on the quiz's grid according to % correct below.
New York Yankees
Toronto Maple Leafs
Seattle Mariners
Utah Jazz
Montreal Canadiens
Atlanta Falcons
Orlando Magic
Washington Capitals
Miami Dolphins
Memphis Grizzlies
Winnipeg Jets
San Diego Padres
New Orleans Saints
Portland Trail Blazers
Pittsburgh Penguins
Milwaukee Brewers
Seattle Seahawks
Los Angeles Clippers
Cincinnati Bengals
Miami Marlins
Vancouver Canucks
Phoenix Suns
Jacksonville Jaguars
Minnesota Twins
Dallas Stars
New Orleans Pelicans
Buffalo Bills
Calgary Flames
Pittsburgh Pirates
Toronto Raptors
 
Answer Stats
Answer % Correct
New York Yankees
95%
Toronto Maple Leafs
70%
Montreal Canadiens
65%
Miami Dolphins
64%
Pittsburgh Penguins
61%
New Orleans Saints
60%
Seattle Seahawks
59%
Toronto Raptors
56%
Washington Capitals
55%
Pittsburgh Pirates
39%
Portland Trail Blazers
37%
Dallas Stars
36%
Miami Marlins
36%
Minnesota Twins
34%
Calgary Flames
31%
No matching quizzes found
Score Distribution
Percent of People with Each Score
Percentile by Number Answered
Your Score History
You have not taken this quiz